000 00706nam a2200205 a 4500
005 20210219160321.0
008 081010s1990 mx r 000 0 spa d
035 _aUPN01000163151
049 _aUNE
080 _a374 (512.317 =20 "1990" KAM.
100 1 _aKam-Fong Leung.
245 1 0 _aA Study on Hong Kong's experience in promoting non-formal and quasi-formal education programmes for adults /
_cKam-Fong Leung.
260 _aParis :
_bUNESCO,
_c1990.
300 _a40 p.
440 0 _aSurvey and studies
690 _aEducacion no formal- Hong Kong
690 _aEducacion de adultos- Hong Kong
710 2 _aUNESCO. Literacy, Adult Education and Rural Development Division.
905 _aUNESCO
999 _c135264
_d135264